Arabic Alphabet Quiz - Medial Form - Statistics

General Stats
  • This quiz has been taken 102 times
  • The average score is 24 of 28
Answer Stats
Hint Answer % Correct
ـا Alif
100%
ـلـ Laam
93%
ـر Raa
93%
ـصـ Saad
93%
ـشـ Shin
93%
ـتـ Taa
93%
ـثـ Thaa
93%
ـبـ Baa
86%
ـضـ Daad
86%
ـد Dal
86%
ـظـ Dha
86%
ـذ Dhal
86%
ـحـ Haa
86%
ـجـ Jeem
86%
ـكـ Kaaf
86%
ـخـ Khaa
86%
ـسـ Sin
86%
ـطـ Ta
86%
ـو Waw
86%
ـز Zayn
86%
ـفـ Faa
79%
ـهـ‎‎ Ha
79%
ـمـ Miim
79%
ـيـ Yaa
79%
ـنـ Nuun
71%
ـقـ Qaaf
71%
ـعـ Ayn
64%
ـغـ Ghayn
57%
No matching quizzes found
Score Distribution
Percent of People with Each Score
Percentile by Number Answered
Your Score History
You have not taken this quiz